Globalization and Technology Absorption in Europe and Central Asia : (Record no. 1744)

000 -LEADER
fixed length control field 00859nam a2200265 a 4500
007 - PHYSICAL DESCRIPTION FIXED FIELD--GENERAL INFORMATION
fixed length control field ta
008 - FIXED-LENGTH DATA ELEMENTS--GENERAL INFORMATION
fixed length control field 200117t2008 xxuad||g |||| 00| 0 eng d
020 ## - INTERNATIONAL STANDARD BOOK NUMBER
International Standard Book Number 9780821375839
040 ## - CATALOGING SOURCE
Original cataloging agency IMU Kochi Library
Language of cataloging eng
041 0# - LANGUAGE CODE
Language code of text/sound track or separate title eng
044 ## - COUNTRY OF PUBLISHING/PRODUCING ENTITY CODE
MARC country code United States
082 04 - DEWEY DECIMAL CLASSIFICATION NUMBER
Edition number 23
Classification number 303.4833094
Item number G5644
245 10 - TITLE STATEMENT
Title Globalization and Technology Absorption in Europe and Central Asia :
Sub Title The Role of Trade, FDI, and Cross-border Knowledge Flows /
260 ## - PUBLICATION, DISTRIBUTION, ETC. (IMPRINT)
Place of publication, distribution, etc Washington, D. C. :
Name of publisher, distributor, etc The World Bank ,
Date of publication, distribution, etc 2008 .
300 ## - PHYSICAL DESCRIPTION
Extent xxiii , 123 p. :
Other physical details ill., Charts. ;
Dimensions 26 cm
490 0# - SERIES STATEMENT
Series statement World Bank Working Paper ;
Volume number/sequential designation Vol. 150
650 #0 - SUBJECT ADDED ENTRY--TOPICAL TERM
Topical term or geographic name as entry element Globalization
Form subdivision Textbooks
700 ## - ADDED ENTRY--PERSONAL NAME
Personal name Goldberg, Ithak
Relator term Joint Author
700 ## - ADDED ENTRY--PERSONAL NAME
Personal name Branstetter, Lee
Relator term Joint Author
700 ## - ADDED ENTRY--PERSONAL NAME
Personal name Goddard, John Gabriel
Relator term Joint Author
700 ## - ADDED ENTRY--PERSONAL NAME
Personal name Kuriakose, Smita
Relator term Joint Author
852 ## - LOCATION/CALL NUMBER
Location IMU Kochi Library
904 ## - LOCAL DATA ELEMENT D, LDD (RLIN)
CATALOGER Reshma Rajesh
942 ## - ADDED ENTRY ELEMENTS (KOHA)
Item type Reference book
Holdings
Withdrawn status Lost status Source of classification or shelving scheme Damaged status Not for loan Collection code Permanent location Current location Shelving location Date acquired Source of acquisition Full call number Barcode Date last seen Koha item type Public note
          Gifted Collection IMU Kochi Library IMU Kochi Library Reference 2014-01-17 Donated Books 303.4833094 G5644 G0069 2020-01-17 Gratis Books Shelf-22, Row-5


Copyright © All Rights Reserved by Indian Maritime University, Kochi Campus.
For any Suggestions/Query Contact to library or Email: library.kochi@imu.ac.in Ph:(0484)-2989402
(Web OPAC Designed by Rudra Ranjan. Maintained by IMU Kochi Library)

Powered by Koha